000 00445nam a2200133Ia 4500
008 151001s9999||||xx |||||||||||||| ||und||
100 _aमधुकर मुकुंदराव पाटील
245 _aभारतीय स्वातंत्र्य चळवळीचा इतिहास भाग २
250 _a1
260 _bअथर्व प्रकाशन
260 _c2011
300 _a139
365 _b21
999 _c1000267
_d1000264